| 000 | 00835nam a22001817a 4500 | ||
|---|---|---|---|
| 999 |
_c15103 _d15103 |
||
| 003 | OSt | ||
| 082 | _2664 ARU/DE | ||
| 088 | _aP 306 | ||
| 100 |
_aARUN JOSHY _aGEETHU S _aKRISHNENDU K. M _aNIKHIL C. S _93839 |
||
| 245 | _aDevelopment and performance evaluation of cocoa pod breaker cum bean extractor | ||
| 260 |
_aTavanur 2015 _bDepartment of Food and Agricultural Process Engineering |
||
| 300 | _a40 | ||
| 500 | _aDevelopment and performance evaluation of cocoa pod breaker cum bean extractor | ||
| 520 | _aCocoa is a tropical crop and native to Aamazon region of South America. The developed cocoa pod breaker cum extractor had two main parts: cocoa pod breaker and cocoa bean extractor. | ||
| 700 |
_aEr. Rajesh G. K (Guide) _93483 |
||
| 856 | _uhttps://drive.google.com/open?id=1qqNtYMsMmYAOFeJQfT6IM2TB-UDn9bbH | ||
| 942 | _cPR | ||